000 00640nas a2200229 4500
001 BR8804888
003 BR-BrBNA
005 20231205091251.0
007 ta
008 230509b bl.|||p| |||| 00| 00por d
040 _aBR-BrBNA
_bpor
_cBiblioteca Nacional de Agricultura
041 _a(Pt)
072 _aL01; L73; L70
100 1 _aAnon.
245 1 _aVerminose: prejuizo para o seu rebanho
650 _aVERME
650 _aVERMINOSE
650 _aDOENCA ANIMAL
773 0 _tBalde Branco (Brazil)
_xISSN 0005-4275
_g(Jun 1988), v. 24(284) p. 15-18
_wBR8804888
909 _a202311
_bLúcia
_c55
_dLúcia Elande
942 _2AGRIS
_n0
_cANA
999 _c124001
_d124001